000 02195nam1a2200361 i 4500
001 RU\NLR\bibl\1357752
005 20260407083652.0
035 _a(NLR Aleph) 001349943
090 _a914414
_c914414
100 _a20090417g20099999u y0rusy50 ca
101 0 _arus
102 _aRU
105 _a||||j |||||
200 1 _aКоммерческое (предпринимательское) право
_eучебник для студентов высших учебных заведений, обучающихся по специальности "Юриспруденция"
_e[в 2 т.]
_f[Бушев А.Ю., Городов О.А., Лебедев К.К. и др.]
_gпод ред. засл. деятеля науки Рос. Федерации, д.ю.н., проф. В.Ф. Попондопуло
_gС.-Петерб. гос. ун-т, Юрид. фак., С.-Петерб. фил. ИГП РАН
205 _a4-е изд., перераб. и доп.
210 _aМосква
_cПроспект
_d2009
215 _d22
300 _aАвт. указаны на обороте тит. л.
463 0 _10011281819
463 0 _10011302606
606 1 _aКоммерческое право
_jУчебники для высших учебных заведений
_yРоссийская Федерация
_92135556
_3RU\NLR\auth\661287786
686 _aХ623.012.09я73
701 1 _aБушев
_bА. Ю.
_gАндрей Юрьевич
_4070
701 1 _4070
_aГородов
_bО. А.
_f1951-
_gОлег Александрович
_9141404
_3RU\NLR\AUTH\770141440
701 1 _4070
_7ca
_8rus
_aЛебедев
_bК. К.
_cканд. юрид. наук
_f1941-
_gКонстантин Константинович
_941466
_3RU\NLR\auth\7758534
702 1 _4340
_7ca
_8rus
_aПопондопуло
_bВ. Ф.
_gВладимир Федорович
_92132
_3RU\NLR\auth\7719058
712 0 2 _4570
_aСанкт-Петербургский государственный университет
_bЮридический факультет
_9588608
_3RU\NLR\AUTH\8810044594
801 0 _aRU
_bNLR
_c20090417
_gRCR
801 1 _aRU
_bNLR
_c20090417
852 _aNLR
_j2008-5/8572
942 _cBOOK